Understanding Business (Record no. 4352)

MARC details
000 -LEADER
fixed length control field 00319nam a22001337a 4500
008 - FIXED-LENGTH DATA ELEMENTS--GENERAL INFORMATION
fixed length control field 250717b |||||||| |||| 00| 0 eng d
020 ## - INTERNATIONAL STANDARD BOOK NUMBER
ISBN 0582355400
100 ## - MAIN ENTRY--AUTHOR
Author NORMAN Worrali
245 ## - TITLE STATEMENT
Title Understanding Business
260 ## - PUBLICATION, DISTRIBUTION, ETC. (IMPRINT)
Place of publication Hong Kong
Name of publisher Sheck Wah Tong
Date of publication Nil
300 ## - COLLATION
Pagination Nil
942 ## - ADDED ENTRY ELEMENTS (KOHA)
Item type Books
050 ## - LIBRARY OF CONGRESS CALL NUMBER
Classification number HD30.23
Item number .W67
Holdings
Source of classification or shelving scheme Not for loan Permanent location Current location Date acquired Accession No. Full call number Barcode. Koha item type
Library of Congress Classification   Samuel Ogbemudia Main Library, University of Abuja Samuel Ogbemudia Main Library, University of Abuja 07/17/2025 1993/012732 HD30.W67 2025-3121 Books